Toponimia de la provincia de Guanacaste /

Kaydedildi:
Detaylı Bibliyografya
Yazar: Garita Hernández, Flor María
Materyal Türü: Bilinmiyor
Dil:Spanish
Baskı/Yayın Bilgisi: San José, Costa Rica : Instituto Geográfico Nacional, 2000.
Edisyon:1. edición
Konular:
Etiketler: Etiketle
Etiket eklenmemiş, İlk siz ekleyin!

MARC

LEADER 000000000a22000000004500
001 008572
020 |a 9968798029 
041 0 |a spa 
082 0 4 |a 910.014   |b G232t 
100 1 |a Garita Hernández, Flor María 
245 1 0 |a Toponimia de la provincia de Guanacaste /   |c Flor María Garita Hernández. 
250 |a 1. edición 
260 1 |a San José, Costa Rica :   |b Instituto Geográfico Nacional,   |c 2000. 
300 |a 220 páginas ;   |c 28 cm. 
650 4 |a NOMBRES GEOGRAFICOS 
650 4 |a GUANACASTE, (COSTA RICA) 
999 |c 14133  |d 14133 
942 |c BK  |h 910.014 G232t  |2 z